Local budgeting. / (Record no. 2458)

MARC details
000 -LEADER
fixed length control field 02444cam a2200385 a 4500
001 - CONTROL NUMBER
control field 14666792
005 - DATE AND TIME OF LATEST TRANSACTION
control field 20210414114147.0
008 - FIXED-LENGTH DATA ELEMENTS--GENERAL INFORMATION
fixed length control field 061212s2007 dcua b i001 0 eng
010 ## - LIBRARY OF CONGRESS CONTROL NUMBER
LC control number 2006101261
015 ## - NATIONAL BIBLIOGRAPHY NUMBER
National bibliography number GBA739929
Source bnb
016 7# - NATIONAL BIBLIOGRAPHIC AGENCY CONTROL NUMBER
Record control number 013752385
Source Uk
020 ## - INTERNATIONAL STANDARD BOOK NUMBER
International Standard Book Number 9780821369456
020 ## - INTERNATIONAL STANDARD BOOK NUMBER
International Standard Book Number 0821369458
020 ## - INTERNATIONAL STANDARD BOOK NUMBER
International Standard Book Number 0821369466 (electronic)
020 ## - INTERNATIONAL STANDARD BOOK NUMBER
International Standard Book Number 9780821369463 (electronic)
035 ## - SYSTEM CONTROL NUMBER
System control number (OCoLC)ocm77116845
035 ## - SYSTEM CONTROL NUMBER
System control number (OCoLC)77116845
040 ## - CATALOGING SOURCE
Original cataloging agency DLC
Transcribing agency DLC
Modifying agency BAKER
-- BTCTA
-- C#P
-- UKM
-- YDXCP
-- DLC
050 00 - LIBRARY OF CONGRESS CALL NUMBER
Classification number HJ9111.L63
082 00 - DEWEY DECIMAL CLASSIFICATION NUMBER
Classification number 352.4/8214
Edition number 22
245 00 - TITLE STATEMENT
Title Local budgeting. /
Statement of responsibility, etc. edited by Anwar Shah.
260 ## - PUBLICATION, DISTRIBUTION, ETC.
Place of publication, distribution, etc. Washington, D.C. :
Name of publisher, distributor, etc. World Bank,
Date of publication, distribution, etc. c2007.
300 ## - PHYSICAL DESCRIPTION
Extent xxii, 381 p. :
Other physical details ill. ;
Dimensions 23 cm.
440 #0 - SERIES STATEMENT/ADDED ENTRY--TITLE
Title Public sector governance and accountability series
504 ## - BIBLIOGRAPHY, ETC. NOTE
Bibliography, etc. note Includes bibliographical references and index.
505 ## - FORMATTED CONTENTS NOTE
Formatted contents note Contents: Fiscal administration in local government : an overview / John L. Mikesell --Forecasting local revenues and expenditures / Larry Schroeder --Local fiscal discipline : fiscal prudence, transparency, and accountability / Alta Folscher --Combating corruption in state and local revenue administration / Amaresh Bagchi -- Budget formats : choices and implications / Irene Rubin -- Citizen-centric performance budgeting at the local level / Anwar Shah and Chunli Shen -- How to read a local budget and assess government performance / Carol W. Lewis --Local budget process / Daniel R. Mullins -- Local budget execution / Kurt Thurmaier -- Local capital budgeting / A. John Vogt.
520 ## - SUMMARY, ETC.
Summary, etc. This book provides a comprehensive treatment of all aspects of local budgeting needed to develop sound fiscal administration such as setting priorities, planning, financial control over inputs, management of operations and accountability to citizens. Topics covered include fiscal administration, forecasting, fiscal discipline, fiscal transparency, integrity of revenue administration, budget formats, and processes including performance budgeting, and capital budgeting.
650 #0 - SUBJECT ADDED ENTRY--TOPICAL TERM
Topical term or geographic name entry element Local budgets.
650 #0 - SUBJECT ADDED ENTRY--TOPICAL TERM
Topical term or geographic name entry element Local finance.
700 1# - ADDED ENTRY--PERSONAL NAME
Personal name Shah, Anwar.
856 41 - ELECTRONIC LOCATION AND ACCESS
Materials specified Table of contents only
Uniform Resource Identifier <a href="http://www.loc.gov/catdir/toc/ecip076/2006101261.html">http://www.loc.gov/catdir/toc/ecip076/2006101261.html</a>
906 ## - LOCAL DATA ELEMENT F, LDF (RLIN)
a 7
b cbc
c orignew
d 1
e ecip
f 20
g y-gencatlg
942 ## - ADDED ENTRY ELEMENTS (KOHA)
Source of classification or shelving scheme Library of Congress Classification
Koha item type Books
Holdings
Withdrawn status Lost status Source of classification or shelving scheme Damaged status Not for loan Home library Current library Shelving location Date acquired Total Checkouts Full call number Barcode Date last seen Price effective from Koha item type
    Library of Congress Classification     WISCONSIN INTERNATIONAL UNIVERSITY COLLEGE, GHANA - MAIN LIBRARY WISCONSIN INTERNATIONAL UNIVERSITY COLLEGE, GHANA - MAIN LIBRARY Reference 30/10/2012   HJ9111.L63 6356/12 30/10/2012 30/10/2012 Books

If you have any concerns or questions; kindly contact the library


© Powered by WIUC ICT DIRECTORATE